[Event "Belp op"]
[Site "Belp"]
[Date "2015.05.24"]
[Round "3"]
[White "Krebs, Samuel"]
[Black "Gherghel, Sorin"]
[Result "1-0"]
[WhiteElo "1892"]
[BlackElo "1722"]
[PlyCount "85"]
[EventDate "2015.05.23"]
[EventType "swiss"]
[EventRounds "5"]
[EventCountry "SUI"]
[SourceTitle "EXT 2016"]
[Source "ChessBase"]
[SourceDate "2015.10.08"]
[SourceVersion "1"]
[SourceVersionDate "2015.10.08"]
[SourceQuality "1"]

1. e4 e6 2. b3 d5 3. Bb2 c5 4. exd5 exd5 5. Nf3 Nf6 6. Bb5+ Bd7 7. Qe2+ Qe7 8. Bxf6 Bxb5 9. Bxe7 Bxe2 10. Bxf8 Bxf3 11. Bxg7 Rg8 12. gxf3 Rxg7 13. Nc3 d4 14. Ne4 b6 15. 0-0-0 Nc6 16. Rhg1 Rg6 17. f4 Kf8 18. Rg3 Ne7 19. Rdg1 Re8 20. d3 Nd5 21. f5 Rh6 22. f6 Nxf6 23. Nxf6 Rxf6 24. Rg8+ Ke7 25. Re1+ Re6 26. Rxe6+ fxe6 27. Rg7+ Kd6 28. Rxh7 Rf8 29. Rxa7 Rxf2 30. h4 Rf6 31. Rh7 e5 32. Kb2 Kd5 33. h5 e4 34. dxe4+ Kxe4 35. h6 Kf5 36. a3 b5 37. Rc7 Rxh6 38. Rxc5+ Ke4 39. Rxb5 Rh2 40. Rc5 d3 41. Rc8 d2 42. Rd8 Ke3 43. Kc3 1-0

[Event "San Bernardino op"]
[Site "San Bernardino"]
[Date "2014.10.04"]
[Round "3"]
[White "Gherghel, Sorin"]
[Black "Schafer, Ezio"]
[Result "0-1"]
[WhiteElo "1350"]
[BlackElo "1968"]
[PlyCount "62"]
[EventDate "2014.10.03"]
[EventType "swiss"]
[EventRounds "5"]
[EventCountry "SUI"]
[SourceTitle "CBM 163 Extra"]
[Source "ChessBase"]
[SourceDate "2014.12.23"]
[SourceVersion "1"]
[SourceVersionDate "2014.12.23"]
[SourceQuality "1"]

1. d4 Nf6 2. c4 c5 3. Nf3 cxd4 4. Bf4 d6 5. Bg5 e5 6. Nbd2 Be7 7. Qc2 Nc6 8. g3 0-0 9. a3 Be6 10. Bg2 Rc8 11. 0-0 Na5 12. b3 b5 13. Rfc1 bxc4 14. bxc4 Nxc4 15. Qd3 d5 16. Nxe5 Nxe5 17. Qxd4 Nc4 18. Qxa7 h6 19. Bf4 Bc5 20. Qa4 Ng4 21. Nxc4 dxc4 22. Bb7 Nxf2 23. Kf1 Bh3+ 24. Ke1 Nd3+ 25. exd3 Re8+ 26. Be4 Qxd3 27. Rxc4 Bg4 28. Ra2 Qb1+ 29. Kd2 Qxa2+ 30. Kc3 Bd4+ 31. Kxd4 Rxe4+ 0-1